MDQL
is popping MORE tags! Check the
thread
!
Quizzes
Events
Quiz Creation
Community
Videos
Private Events
Remove Ads
Sign In
Join for FREE
Feedback
Dark Mode
Quiz Categories
Sports
Geography
Music
Movies
Television
Just For Fun
Miscellaneous
History
Literature
Language
Science
Gaming
Entertainment
Religion
Holiday
For Kids
Quiz Lab
Recent
Popular Today
Quiz Kudos Today
Editor Picks
Curator Picks
Quizzes by...
Day
Popularity
Type
Ratings
Length
Year
Community
Subscriptions
Recent Discussions
Orange Saloon
Badges
Playlists
Quests
Create
Leaderboards
Showdown
Live 5
Trivia Bingo
Activity
Puzzle Library
Sporcle Events
Private Events
Virtual Trivia
Globe League
Become a Host
Pub Owners
SporcleCon
Opinionation
Our Games
Videos
Blog
Mobile Apps
Partnerships
Remove Ads and Go Orange
Feedback
Just For Fun
Clickable
Get the Picture
Humor
Quick Pick
Word Ladder
Missing Word
Mixed Word
Blitz
Minefield
This or That
Alphabet
Color
Typing
Sporcle
Puzzle
Word Play
Follow That Line
Logic
Just For Fun
Clickable
Get the Picture
Humor
Quick Pick
Word Ladder
Missing Word
Mixed Word
Blitz
Minefield
This or That
Alphabet
Color
Typing
Sporcle
Puzzle
Word Play
Follow That Line
Logic
Random Quiz
Search Sporcle
×
Featured
Featured
Just For Fun
Oscar
Click on answers out of a set of options
Click on answers out of a set of options
Multiple Choice
Best Score? Go Orange.
Get the Picture: 'T' Best Picture Nominees Stats
Can you choose the correct Best Picture nominee that start with 'T', for each piece of trivia?
By
Craz3y
4m
16 Questions
3,315 Plays
3,315 Plays
3,315 Plays
Comments
Comments
Give Quiz Kudos
Give Quiz Kudos
-
- Ratings
hide this ad
Replay
Link that replays current quiz
Next Quiz
Link to next quiz in quiz playlist
You Got
0%
They Got
Avg Score
89%
Avg Friend Score
Upgrade to see
Score Distribution
Jump to the score distribution portion of the page
Score
0/16
Timer
04:00
0
Plays Today
Question
Answer
Wrong Answers
Film
Toy Story 3
Toy Story 3
97.6%
The Ten Commandments
0.2%
Tootsie
0.2%
Three Billboards Outside Ebbing, Missouri
0.2%
Film
The Ten Commandments
The Ten Commandments
97.4%
Tootsie
0.2%
Toy Story 3
0.1%
Three Billboards Outside Ebbing, Missouri
0.2%
Film
Tootsie
Tootsie
96.5%
The Ten Commandments
0.3%
Toy Story 3
0.3%
Three Billboards Outside Ebbing, Missouri
0.6%
Film
Three Billboards Outside Ebbing, Missouri
Three Billboards Outside Ebbing, Missouri
94.5%
The Ten Commandments
0.6%
Tootsie
2.2%
Toy Story 3
0.4%
Actor
Tom Hanks
Toy Story 3
93.5%
The Ten Commandments
1.2%
Tootsie
0.9%
Three Billboards Outside Ebbing, Missouri
2.3%
Actor
Dustin Hoffman
Tootsie
93.4%
The Ten Commandments
2.1%
Toy Story 3
0.6%
Three Billboards Outside Ebbing, Missouri
1.5%
Year
1982
Tootsie
93.1%
The Ten Commandments
2.3%
Toy Story 3
0.9%
Three Billboards Outside Ebbing, Missouri
1.2%
Actor
Charlton Heston
The Ten Commandments
93%
Tootsie
3.6%
Toy Story 3
0.2%
Three Billboards Outside Ebbing, Missouri
1%
Year
1956
The Ten Commandments
92.5%
Tootsie
4.3%
Toy Story 3
0.1%
Three Billboards Outside Ebbing, Missouri
0.8%
Actor
Frances McDormand
Three Billboards Outside Ebbing, Missouri
91.8%
The Ten Commandments
0.9%
Tootsie
4.7%
Toy Story 3
0.3%
Oscar Winning Category
Best Actress
Three Billboards Outside Ebbing, Missouri
90%
The Ten Commandments
0.7%
Tootsie
6.7%
Toy Story 3
0.2%
Year
2017
Three Billboards Outside Ebbing, Missouri
83.2%
The Ten Commandments
1.2%
Tootsie
1.2%
Toy Story 3
12.2%
Year
2010
Toy Story 3
82.6%
The Ten Commandments
1.7%
Tootsie
1.6%
Three Billboards Outside Ebbing, Missouri
11.8%
Oscar Winning Category
Best Original Song
Toy Story 3
81.8%
The Ten Commandments
3.8%
Tootsie
10.2%
Three Billboards Outside Ebbing, Missouri
1.8%
Oscar Winning Category
Best Visual Effects
The Ten Commandments
76.7%
Tootsie
0.8%
Toy Story 3
19.7%
Three Billboards Outside Ebbing, Missouri
0.5%
Oscar Winning Category
Best Supporting Actress
Tootsie
67.5%
The Ten Commandments
3.8%
Toy Story 3
1%
Three Billboards Outside Ebbing, Missouri
25.6%
Quiz Playlist
Details
Report
Send in Message
Add To Playlist
Multiple Choice:
Click on answers out of a set of options
Last Updated: Oct 19, 2023
Featured
Previous Get the Picture
Next Get the Picture
Play Today's Daily Dose
Quiz Scoreboard
CHALLENGE
Sign Up to Join the Scoreboard
Show All
Scores
Hide
Comments
May contain spoilers
Recently Published
Two Season TV Shows II
by 123Four
Television
10m
Image Sorting: Flags VI
by Barbecue
Geography
2m
Find the 'City' Movie
by crazypaving
Movies
60s
More to Explore
Quiz From the Vault
Featured Blog Post
14 Easter Pick-up Lines to Find Eggs With
hide this ad
You Might Also Like...
Tags
Actor Quiz
Best Picture Quiz
Get the Picture Quiz
Nominee Quiz
Oscar Quiz
Year Quiz
Letter T
Oscar Nominated
Win
Today's Top Quizzes in Just For Fun
Browse Just For Fun
hide this ad
Today's Top Quizzes in Oscar
Browse Oscar
Top Contributed Quizzes in Just For Fun
1
Name Just One - 10 to 1: Just For Fun
2
Missing Word: 2-Letter A-Z II
3
Missing Letter Whitney Houston Songs
4
Avatar the Last Airbender: Logic Puzzle
5
It's Magic / Witchcraft 🎩🪄🧙♀️
6
Survivor Winners Logic Puzzle
7
Missing Word: 'Of' Things A-Z
8
Killer Double Trees 224 - Colour Match-Up
9
Click the Differences: Playground
10
Missing Word: 'Of' Things A-Z II
Explore More
Trending Topics
Marvel
Harry Potter
NBA
Disney
Anime
Crossword
Kpop
Soccer
Puzzle
NFL
Pokémon
Country
The Office
Song
WWE
hide this ad
More By:
Craz3y
Quiz
Plays
Rating
Category
Featured
Created
2010s Movies: Multiple Choice Minefield
81,594
4.09
Movies
Jan 17, 2023
Get the Picture: 'E' Best Picture Nominees
5,591
4.78
Just For Fun
Mar 9, 2020
Get the Picture: 'C' Best Picture Nominees
4,398
4.77
Just For Fun
Feb 24, 2020
Get the Picture: 'G' Best Picture Nominees
4,250
4.69
Just For Fun
Feb 17, 2020
Get the Picture: 'B' Best Picture Nominees
4,241
4.70
Just For Fun
Feb 17, 2020
Go to Creator's Profile
Score Distribution
Quiz Creator Spotlight
Craz3y
Follow
Send a Message
Quizzes Created
-
Created Quiz Play Count
-
More By This Creator
Popular Quizzes Today
1
Colored Red Africa Blitz
2
Find the US States - No Outlines Minefield
3
Find the 'City' Movie
4
5x2 Blitz: Bands
5
The Countries of the World
6
Find the US States
7
Find the Countries of Europe - No Outlines Minefield
8
US States
More Just For Fun Quizzes
Word Ladder: The Dirtiest One Yet!
Curator's Pick
Trending Quizzes
Colored Red Europe Blitz I
Colored Red Africa Blitz II
Colored Red Europe Blitz II
Colored Red Africa Blitz III
Colored Red Europe Blitz III
Recently Updated
How Do You Spell That?
pecheneg
Godzilla Movies
pecheneg
Grab Bag: 4-10 Letters
pecheneg
2024 March Madness Bracket
pecheneg
Famous TV Couples
Peacemaker
Champions League XIs: Real Madrid
pecheneg
Largest US Cities 1790-2010
pecheneg
Rides in Walt Disney World
pecheneg
Most Oscar Losses (Acting)
pecheneg
Beyoncé Albums
pecheneg
Trending Topics
Marvel
Anime
NBA
Kpop
Harry Potter
Crossword
Disney
NFL
Song
Pokémon
Country
Soccer
Puzzle
The Office
WWE
Your Account Isn't Verified!
In order to create a playlist on Sporcle, you need to verify the email address you used during registration. Go to your
Sporcle Settings
to finish the process.
Report this User
Report this user for behavior that violates our
Community Guidelines
.
Details:
Send Report
Go to the Sporcle.com Mobile Site →
Comments